书目信息 |
| 题名: |
日本文化
|
|
| 作者: | 张爱平 编著 | |
| 分册: | ||
| 出版信息: | 北京 文化艺术出版社 2004 |
|
| 页数: | 333页 | |
| 开本: | 20cm | |
| 丛书名: | 世界各国文化概览 | |
| 单 册: | ||
| 中图分类: | G131.3 | |
| 科图分类: | ||
| 主题词: | 文化--概况--日本 , 文化 | |
| 电子资源: | ||
| ISBN: | 7-5039-2445-4 | |
| 000 | 00824oam2 2200265 450 | |
| 001 | 1252816608 | |
| 005 | 20121005144103.06 | |
| 010 | @a7-5039-2445-4@dCNY20.00 | |
| 100 | @a20040526d2004 em y0chiy50 ea | |
| 101 | 0 | @achi |
| 102 | @aCN@b110000 | |
| 105 | @aa z 000yy | |
| 200 | 1 | @a日本文化@Ari ben wen hua@f张爱平等编著 |
| 210 | @a北京@c文化艺术出版社@d2004 | |
| 215 | @a333页@c照片@d20cm | |
| 225 | 2 | @a世界各国文化概览 |
| 330 | @a本书注重实用性、可读性,全面介绍日本的文化历史沿革、传世文化大事、文化活动与文化机构、文化产业与文化设施等。 | |
| 461 | 0 | @12001 @a世界各国文化概览 |
| 510 | 1 | @aThe Culture of Japan@zeng |
| 606 | 0 | @a文化@x概况@y日本 |
| 606 | 0 | @a文化 |
| 690 | @aG131.3@v4 | |
| 701 | 0 | @a张爱平@Azhang ai ping@f(1954~)@4编著 |
| 801 | 0 | @aCN@bNLC@c20101222 |
| 905 | @a10447@dG131.3@eJY47 | |
| 日本文化/张爱平等编著.-北京:文化艺术出版社,2004 |
| 333页:照片;20cm.-(世界各国文化概览) |
| ISBN 7-5039-2445-4:CNY20.00 |
| 本书注重实用性、可读性,全面介绍日本的文化历史沿革、传世文化大事、文化活动与文化机构、文化产业与文化设施等。 |
| ● |
| 相关链接 |
|
|
|
|
正题名:日本文化
索取号:G131.3/JY47
 
预约/预借
| 序号 | 登录号 | 条形码 | 馆藏地/架位号 | 状态 | 备注 |
| 1 | 7814483 | 278144839 | 学院路分馆/ [索取号:G131.3/JY47] | 在馆 | |
| 2 | 7814484 | 278144848 | 学院路分馆/ [索取号:G131.3/JY47] | 在馆 |